[Event "Seefeld op 13th"]
[Site "Seefeld"]
[Date "2002.09.19"]
[Round "6"]
[White "Dittmar, Peter"]
[Black "Ritz, Thomas"]
[Result "1-0"]
[WhiteElo "2349"]
[BlackElo "2145"]
[PlyCount "75"]
[EventDate "2002.09.14"]
[EventType "swiss"]
[EventRounds "9"]
[EventCountry "AUT"]
[SourceTitle "EXT 2007"]
[Source "ChessBase"]
[SourceDate "2006.11.23"]
[SourceVersion "1"]
[SourceVersionDate "2006.11.23"]
[SourceQuality "1"]

1. c4 e5 2. g3 Nc6 3. Bg2 g6 4. Nc3 Bg7 5. e3 d6 6. Nge2 f5 7. d3 Nf6 8. 0-0 0-0 9. Rb1 a5 10. a3 Be6 11. Nd5 Nh5 12. b4 axb4 13. axb4 Qd7 14. b5 Nd8 15. Qc2 f4 16. exf4 Bh3 17. Be3 Bxg2 18. Kxg2 Ne6 19. fxe5 dxe5 20. f3 g5 21. Nec3 Ra3 22. Ne4 Rfa8 23. Rb3 Ra2 24. Rb2 R2a3 25. Kh1 h6 26. g4 Qf7 27. gxh5 c6 28. bxc6 bxc6 29. Nb4 g4 30. Ra2 Qxh5 31. Rxa3 Rxa3 32. fxg4 Qh3 33. Qf2 Nf4 34. Bxf4 exf4 35. Qxf4 c5 36. Nd5 Ra2 37. Ne3 Kh8 38. Qg3 1-0

[Event "Oberliga Sued W 0102"]
[Site "Germany"]
[Date "2001.10.21"]
[Round "?"]
[White "Ritz, Thomas"]
[Black "Lares, Harald"]
[Result "1-0"]
[WhiteElo "2161"]
[BlackElo "2004"]
[PlyCount "75"]
[EventDate "2001.10.09"]
[EventType "team-tourn"]
[EventRounds "9"]
[EventCountry "GER"]
[SourceTitle "EXT 2003"]
[Source "ChessBase"]
[SourceDate "2002.11.25"]
[SourceVersion "1"]
[SourceVersionDate "2002.11.25"]
[SourceQuality "1"]

1. d4 e6 2. Nf3 Nf6 3. g3 b5 4. Bg2 Bb7 5. 0-0 c5 6. c3 Qb6 7. h3 Nc6 8. Be3 Nd5 9. dxc5 Bxc5 10. Bxc5 Qxc5 11. e4 Nf6 12. Nbd2 0-0 13. Qe2 d6 14. Rfe1 Rfd8 15. Rad1 Rd7 16. Bf1 a6 17. c4 Nd4 18. Nxd4 Qxd4 19. cxb5 Qxb2 20. Nc4 Qxe2 21. Bxe2 Rdd8 22. Nxd6 Bxe4 23. Nxe4 Nxe4 24. Rxd8+ Rxd8 25. b6 Rb8 26. Rc1 Kf8 27. Rc6 a5 28. Bf3 Nf6 29. b7 Ke7 30. Rc8 Nd7 31. Bc6 Kd6 32. Bxd7 Rxb7 33. Ba4 Rb4 34. Bc2 g6 35. Ra8 Rc4 36. Bb3 Rc5 37. Ra7 Rf5 38. g4 1-0

[Event "Seefeld op 12th"]
[Site "Seefeld"]
[Date "2001.09.17"]
[Round "3"]
[White "Damm, Reiner"]
[Black "Ritz, Thomas"]
[Result "0-1"]
[WhiteElo "1797"]
[BlackElo "2161"]
[PlyCount "84"]
[EventDate "2001.09.15"]
[EventType "swiss"]
[EventRounds "9"]
[EventCountry "AUT"]
[SourceTitle "EXT 2002"]
[Source "ChessBase"]
[SourceDate "2001.11.25"]
[SourceVersion "1"]
[SourceVersionDate "2001.11.25"]
[SourceQuality "1"]

1. e4 c5 2. Nf3 e6 3. d4 cxd4 4. Nxd4 a6 5. c4 Nf6 6. Nc3 d6 7. Be2 Qc7 8. Be3 b6 9. 0-0 Bb7 10. Qc2 Nbd7 11. b3 Nc5 12. f3 Rc8 13. Rac1 Be7 14. Qd2 Qb8 15. Rfd1 h5 16. Bf1 0-0 17. Qf2 Rfe8 18. Nde2 Ba8 19. Nf4 Ncd7 20. Bd3 Bc6 21. Qf1 Ne5 22. Be2 Bf8 23. Nd3 Nxd3 24. Bxd3 d5 25. cxd5 exd5 26. Bxa6 Rcd8 27. Bg5 Bc5+ 28. Kh1 dxe4 29. Bxf6 Rxd1 30. Rxd1 exf3 31. Nd5 f2 32. Bh4 Qe5 33. Bg3 Qe4 34. Nf4 h4 35. Bd3 Qe5 36. Ng6 Qh5 37. Nxh4 g5 38. Nf3 Bxf3 39. gxf3 Qxf3+ 40. Qg2 Qxd1+ 41. Bf1 Re1 42. Qa8+ Kh7 0-1

[Event "Seefeld op 11th"]
[Site "Seefeld"]
[Date "2000.09.23"]
[Round "8"]
[White "Opl, Klaus"]
[Black "Ritz, Thomas"]
[Result "1/2-1/2"]
[WhiteElo "2326"]
[BlackElo "2137"]
[PlyCount "110"]
[EventDate "2000.09.16"]
[EventType "swiss"]
[EventRounds "9"]
[EventCountry "AUT"]
[SourceTitle "EXT 2001"]
[Source "ChessBase"]
[SourceDate "2000.11.22"]
[SourceVersion "1"]
[SourceVersionDate "2000.11.22"]
[SourceQuality "1"]

1. e4 c5 2. Nf3 e6 3. d4 cxd4 4. Nxd4 a6 5. Bd3 Qc7 6. 0-0 Nf6 7. Nc3 d6 8. Be3 Nbd7 9. f4 b5 10. a3 Bb7 11. Qf3 Be7 12. g4 Nb6 13. g5 Nfd7 14. f5 e5 15. f6 gxf6 16. Nf5 Bf8 17. gxf6 Nxf6 18. Ng3 Nbd7 19. Bg5 Be7 20. Kh1 h5 21. Nf5 Bf8 22. Ne3 Be7 23. Ncd5 Bxd5 24. Bxf6 Nxf6 25. Nxd5 Nxd5 26. Qxf7+ Kd7 27. exd5 Raf8 28. Qe6+ Kd8 29. a4 Rxf1+ 30. Rxf1 bxa4 31. Ra1 Qd7 32. Qxd7+ Kxd7 33. Rxa4 Ra8 34. Rxa6 Rxa6 35. Bxa6 Kc7 36. Be2 h4 37. Kg2 Bg5 38. Kf3 Bf4 39. h3 Bg3 40. Ke4 Be1 41. Kf5 Bd2 42. Bf3 Be1 43. Ke6 Bd2 44. Be4 Bc1 45. b3 Bd2 46. Kf5 Kb6 47. Kg4 Be1 48. c3 Kc7 49. c4 Kd7 50. b4 Bxb4 51. Kxh4 Ke7 52. Kg5 Kf7 53. h4 Kg7 54. h5 Bc5 55. h6+ Kh8 1/2-1/2

[Event "Passau op 8th"]
[Site "Passau"]
[Date "2000.04.23"]
[Round "6"]
[White "Wockenfuss, Klaus"]
[Black "Ritz, Thomas"]
[Result "1-0"]
[WhiteElo "2317"]
[BlackElo "2139"]
[PlyCount "55"]
[EventDate "2000.04.21"]
[EventType "swiss"]
[EventRounds "7"]
[EventCountry "GER"]
[SourceTitle "CBM 076 Extra"]
[Source "ChessBase"]
[SourceDate "2000.07.11"]
[SourceVersion "1"]
[SourceVersionDate "2000.07.11"]
[SourceQuality "1"]

1. d4 Nf6 2. Nf3 d5 3. c4 g6 4. cxd5 Nxd5 5. e4 Nb6 6. h3 Bg7 7. Nc3 0-0 8. Be3 Nc6 9. Be2 e5 10. d5 Ne7 11. Qb3 Kh8 12. Rd1 h6 13. Bc5 Nd7 14. Ba3 f5 15. d6 cxd6 16. Bxd6 Re8 17. Qf7 Nc6 18. Qxg6 fxe4 19. Nxe4 Nd4 20. Nfg5 hxg5 21. Nxg5 Nf6 22. Nf7+ Kg8 23. Nh6+ Kh8 24. Nf7+ Kg8 25. Nxd8 Rxd8 26. Rxd4 exd4 27. Be7 Rf8 28. Bxf8 1-0

[Event "Passau op 8th"]
[Site "Passau"]
[Date "2000.04.22"]
[Round "3"]
[White "Ritz, Thomas"]
[Black "Beck, Stephan"]
[Result "1-0"]
[WhiteElo "2139"]
[BlackElo "1850"]
[PlyCount "91"]
[EventDate "2000.04.21"]
[EventType "swiss"]
[EventRounds "7"]
[EventCountry "GER"]
[SourceTitle "CBM 076 Extra"]
[Source "ChessBase"]
[SourceDate "2000.07.11"]
[SourceVersion "1"]
[SourceVersionDate "2000.07.11"]
[SourceQuality "1"]

1. d4 d5 2. Nf3 Nf6 3. g3 g6 4. Bg2 Bg7 5. 0-0 0-0 6. b3 b6 7. Bb2 Bb7 8. Nbd2 Nbd7 9. h3 h6 10. Re1 Ne4 11. Qb1 f5 12. c4 e6 13. Rd1 c5 14. Ne5 Kh7 15. Ndf3 Nxe5 16. Nxe5 Qc7 17. cxd5 exd5 18. Nf3 Rac8 19. Rc1 Rfd8 20. h4 c4 21. Qc2 b5 22. Rd1 Bf6 23. Bh3 Nxg3 24. h5 Ne4 25. hxg6+ Kxg6 26. Rf1 Qd7 27. Kh1 Kh7 28. Bc1 Rg8 29. Bf4 Rcf8 30. Ne5 Qe6 31. bxc4 dxc4 32. f3 Bxe5 33. Bxe5 Ng3+ 34. Bxg3 Rxg3 35. Kh2 Qg6 36. Rg1 Rxh3+ 37. Kxh3 Qh5+ 38. Kg2 Rg8+ 39. Kf2 Qh4+ 40. Ke3 Qe7+ 41. Kd2 Rf8 42. Qc3 Re8 43. Rg2 b4 44. Qxc4 Bxf3 45. exf3 Qe3+ 46. Kc2 1-0

[Event "Passau op 8th"]
[Site "Passau"]
[Date "2000.04.21"]
[Round "1"]
[White "Ritz, Thomas"]
[Black "Klimpel, Siegfried"]
[Result "1-0"]
[WhiteElo "2139"]
[BlackElo "1700"]
[PlyCount "49"]
[EventDate "2000.04.21"]
[EventType "swiss"]
[EventRounds "7"]
[EventCountry "GER"]
[SourceTitle "CBM 076 Extra"]
[Source "ChessBase"]
[SourceDate "2000.07.11"]
[SourceVersion "1"]
[SourceVersionDate "2000.07.11"]
[SourceQuality "1"]

1. d4 Nf6 2. Nf3 g6 3. c4 d5 4. Qb3 b6 5. Nc3 dxc4 6. Qxc4 Ba6 7. Qa4+ Qd7 8. Qa3 e6 9. Qb3 Nc6 10. Bg5 Bg7 11. 0-0-0 0-0 12. e4 Bxf1 13. Rhxf1 Na5 14. Qc2 c6 15. Ne5 Qe8 16. f4 Rc8 17. Kb1 Nd7 18. Ng4 f5 19. exf5 exf5 20. Rfe1 Qf7 21. Ne5 Nxe5 22. dxe5 Nc4 23. e6 Qe8 24. e7 Rf7 25. Rd8 1-0

[Event "BL2-West 9900"]
[Site "Germany"]
[Date "2000.02.20"]
[Round "6.8"]
[White "Ritz, Thomas"]
[Black "Niermann, Michael"]
[Result "0-1"]
[WhiteElo "2148"]
[BlackElo "2253"]
[PlyCount "152"]
[EventDate "1999.10.10"]
[EventType "team-tourn"]
[EventRounds "9"]
[EventCountry "GER"]
[SourceTitle "CBM 074 Extra"]
[Source "ChessBase"]
[SourceDate "2000.03.10"]
[SourceVersion "2"]
[SourceVersionDate "2000.03.10"]
[SourceQuality "1"]
[WhiteTeam "Siershahn"]
[BlackTeam "Bochum"]
[WhiteTeamCountry "GER"]
[BlackTeamCountry "GER"]

1. d4 Nf6 2. Nf3 g6 3. b4 Bg7 4. Bb2 0-0 5. e3 d6 6. Nbd2 Nbd7 7. Rb1 c6 8. c4 Re8 9. Be2 e5 10. 0-0 e4 11. Ne1 Nf8 12. d5 cxd5 13. cxd5 Bf5 14. Nc4 h5 15. Nc2 Rc8 16. b5 Bg4 17. f3 exf3 18. gxf3 Bh3 19. Rf2 Re7 20. Bd4 Ne8 21. Bxa7 Rec7 22. N2a3 Nd7 23. Kh1 Qh4 24. Qg1 b6 25. Bxb6 Nxb6 26. Nxb6 Rc1 27. Bf1 Rxb1 28. Nxb1 Rc1 29. Nd2 Bc3 30. Nbc4 Qe7 31. Re2 Qb7 32. e4 Qxb5 33. Rf2 Qc5 34. Qg3 Bxf1 35. Rxf1 Rxf1+ 36. Nxf1 Qxc4 37. Qf2 Bd4 38. Qe1 Qc3 39. Qb1 Qa1 40. Nd2 Qxb1+ 41. Nxb1 f5 42. Kg2 Nf6 43. Nd2 Kf7 44. a4 fxe4 45. fxe4 Bc3 46. Nc4 Nxe4 47. a5 Nf6 48. Nxd6+ Kf8 49. a6 Nxd5 50. a7 Nb6 51. Nb5 Be5 52. h3 Kg7 53. Kf3 Kf6 54. Ke4 Na8 55. Na3 Bd6 56. Nb5 Bc5 57. Kf4 Bg1 58. Ke4 Kg5 59. Kf3 Kh4 60. Kg2 Bb6 61. Kh2 g5 62. Kg2 g4 63. hxg4 hxg4 64. Kh2 g3+ 65. Kg2 Kg4 66. Nd6 Bxa7 67. Ne4 Bb8 68. Nf6+ Kh4 69. Nd5 Nc7 70. Ne3 Ne6 71. Nf5+ Kg4 72. Ne3+ Kg5 73. Nf1 Kh4 74. Ne3 Nf4+ 75. Kf3 Kh3 76. Ng4 Ba7 0-1

[Event "BL2-West 9900"]
[Site "Germany"]
[Date "1999.11.07"]
[Round "2.5"]
[White "Ritz, Thomas"]
[Black "Meyer, Peter"]
[Result "1/2-1/2"]
[WhiteElo "2148"]
[BlackElo "2360"]
[PlyCount "94"]
[EventDate "1999.10.10"]
[EventType "team-tourn"]
[EventRounds "9"]
[EventCountry "GER"]
[SourceTitle "CBM 074 Extra"]
[Source "ChessBase"]
[SourceDate "2000.03.10"]
[SourceVersion "2"]
[SourceVersionDate "2000.03.10"]
[SourceQuality "1"]
[WhiteTeam "Siershahn"]
[BlackTeam "Plettenberg"]
[WhiteTeamCountry "GER"]
[BlackTeamCountry "GER"]

1. d4 Nf6 2. Nf3 b6 3. g3 Bb7 4. Bg2 e6 5. 0-0 c5 6. c4 cxd4 7. Qxd4 Nc6 8. Qf4 Ne7 9. Nc3 Ng6 10. Qd4 Bc5 11. Qd3 0-0 12. Bg5 Bc6 13. h4 h6 14. h5 Nh8 15. Bh4 g5 16. hxg6 fxg6 17. Bxf6 Qxf6 18. b3 Qf5 19. Rad1 Nf7 20. Nh4 Qxd3 21. exd3 g5 22. Nf3 Rae8 23. Ne4 Be7 24. Nd4 Ne5 25. Nxc6 dxc6 26. d4 Nf3+ 27. Bxf3 Rxf3 28. Kg2 Rf5 29. Rd3 Ra5 30. a4 b5 31. axb5 cxb5 32. cxb5 Rxb5 33. Ra1 a5 34. Rc1 Reb8 35. Rc7 R8b7 36. Rdc3 Rxc7 37. Rxc7 Kf8 38. Rc8+ Kf7 39. Rc3 Rd5 40. Rc4 Bd8 41. Nc3 Rd7 42. Ne2 Rb7 43. Rc3 h5 44. Kf3 Rb4 45. Ke4 Bb6 46. Rd3 Ke7 47. f4 Rb5 1/2-1/2

[Event "Seefeld op 10th"]
[Site "Seefeld"]
[Date "1999.09.19"]
[Round "9"]
[White "Ritz, Thomas"]
[Black "Schirra, Paul"]
[Result "1-0"]
[WhiteElo "2148"]
[BlackElo "1623"]
[PlyCount "73"]
[EventDate "1999.09.11"]
[EventType "swiss"]
[EventRounds "9"]
[EventCountry "AUT"]
[SourceTitle "EXT 2001"]
[Source "ChessBase"]
[SourceDate "2000.11.22"]
[SourceVersion "1"]
[SourceVersionDate "2000.11.22"]
[SourceQuality "1"]

1. d4 Nf6 2. Nf3 g6 3. g3 d6 4. Bg2 Bg7 5. 0-0 Nc6 6. b3 0-0 7. Bb2 Bd7 8. c4 Ne8 9. Qd2 e5 10. dxe5 dxe5 11. Rd1 Nf6 12. Nxe5 Nxe5 13. Bxe5 Bc6 14. Bxc6 bxc6 15. Qxd8 Rfxd8 16. Nc3 Ng4 17. Bxg7 Kxg7 18. h3 Ne5 19. Rxd8 Rxd8 20. Rd1 Rxd1+ 21. Nxd1 Kf6 22. f4 Nd7 23. Kf2 Nc5 24. Kf3 h5 25. Nb2 Ne6 26. e3 g5 27. Nd3 gxf4 28. gxf4 Ke7 29. Ne5 Nd8 30. f5 f6 31. Nd3 Nf7 32. h4 a6 33. Kf4 Nd6 34. Nb4 Kd7 35. Nxa6 Nf7 36. Nc5+ Kd6 37. Nd3 1-0

[Event "Seefeld op 10th"]
[Site "Seefeld"]
[Date "1999.09.15"]
[Round "5"]
[White "Ritz, Thomas"]
[Black "Muuss, Klaus"]
[Result "1-0"]
[WhiteElo "2148"]
[BlackElo "2035"]
[PlyCount "83"]
[EventDate "1999.09.11"]
[EventType "swiss"]
[EventRounds "9"]
[EventCountry "AUT"]
[SourceTitle "EXT 2001"]
[Source "ChessBase"]
[SourceDate "2000.11.22"]
[SourceVersion "1"]
[SourceVersionDate "2000.11.22"]
[SourceQuality "1"]

1. d4 Nf6 2. Nf3 d5 3. g3 Bg4 4. Bg2 c6 5. 0-0 Nbd7 6. b3 e6 7. Bb2 Be7 8. Nbd2 0-0 9. c4 Rc8 10. Re1 Bb4 11. a3 Bxf3 12. Bxf3 Bxd2 13. Qxd2 dxc4 14. bxc4 Ne5 15. Qc3 Nxf3+ 16. Qxf3 c5 17. dxc5 Rxc5 18. Qxb7 Rxc4 19. Qxa7 Rc2 20. Qd4 Qa5 21. Rac1 Rd2 22. Bc3 Rxd4 23. Bxa5 h5 24. Red1 Ra4 25. Bb4 Rfa8 26. Rc7 Rb8 27. e4 g5 28. f3 Kg7 29. Kf2 g4 30. Rd3 gxf3 31. Kxf3 Raxb4 32. axb4 Rxb4 33. Re3 Rb2 34. h3 Rh2 35. Ra3 h4 36. Raa7 Rxh3 37. Rxf7+ Kg6 38. Rg7+ Kh6 39. e5 Nh5 40. Rg8 Nxg3 41. Kg2 Rh1 42. Rxg3 1-0

[Event "Seefeld op 10th"]
[Site "Seefeld"]
[Date "1999.09.13"]
[Round "3"]
[White "Ritz, Thomas"]
[Black "Bagaturov, Giorgi"]
[Result "0-1"]
[WhiteElo "2148"]
[BlackElo "2532"]
[PlyCount "50"]
[EventDate "1999.09.11"]
[EventType "swiss"]
[EventRounds "9"]
[EventCountry "AUT"]
[SourceTitle "EXT 2001"]
[Source "ChessBase"]
[SourceDate "2000.11.22"]
[SourceVersion "1"]
[SourceVersionDate "2000.11.22"]
[SourceQuality "1"]

1. d4 Nf6 2. c4 e6 3. g3 c5 4. Nf3 cxd4 5. Nxd4 a6 6. Bg2 Qc7 7. Qd3 d5 8. Nd2 e5 9. N4b3 Nc6 10. a3 dxc4 11. Nxc4 Be6 12. Bg5 Rd8 13. Qc3 Nd4 14. Bxf6 gxf6 15. Nbd2 b5 16. Ne3 Qb6 17. Rc1 b4 18. Bc6+ Ke7 19. axb4 Rc8 20. Qa3 Rxc6 21. b5+ Ke8 22. bxc6 Bxa3 23. c7 Ke7 24. bxa3 Rc8 25. Ndc4 Qb7 0-1

[Event "Seefeld op 10th"]
[Site "Seefeld"]
[Date "1999.09.11"]
[Round "1"]
[White "Ritz, Thomas"]
[Black "Boensch, Detlef"]
[Result "1-0"]
[WhiteElo "2148"]
[BlackElo "1603"]
[PlyCount "45"]
[EventDate "1999.09.11"]
[EventType "swiss"]
[EventRounds "9"]
[EventCountry "AUT"]
[SourceTitle "EXT 2001"]
[Source "ChessBase"]
[SourceDate "2000.11.22"]
[SourceVersion "1"]
[SourceVersionDate "2000.11.22"]
[SourceQuality "1"]

1. d4 Nf6 2. c4 e6 3. g3 d5 4. Bg2 Be7 5. Nf3 0-0 6. b3 c5 7. Nbd2 Nc6 8. dxc5 Bxc5 9. 0-0 dxc4 10. Nxc4 Qe7 11. Bb2 Rd8 12. Qc1 Bd7 13. a3 a6 14. b4 Ba7 15. Qf4 Ne8 16. Rfd1 Bb8 17. Qe4 Nf6 18. Qc2 Bc7 19. Nfe5 Nxe5 20. Nxe5 Bxe5 21. Bxe5 Rac8 22. Qb2 Ne8 23. Bxb7 1-0

[Event "Passau op 7th"]
[Site "Passau"]
[Date "1999.04.02"]
[Round "2"]
[White "Ritz, Thomas"]
[Black "Berezjuk, Sergej"]
[Result "0-1"]
[WhiteElo "2132"]
[BlackElo "2403"]
[PlyCount "64"]
[EventDate "1999.04.02"]
[EventType "swiss"]
[EventRounds "7"]
[EventCountry "GER"]
[SourceTitle "EXT 2000"]
[Source "ChessBase"]
[SourceDate "1999.11.16"]
[SourceVersion "1"]
[SourceVersionDate "1999.11.16"]
[SourceQuality "1"]

1. d4 Nf6 2. c4 e6 3. g3 c5 4. Nf3 cxd4 5. Nxd4 d5 6. Bg2 e5 7. Nf3 d4 8. 0-0 Nc6 9. e3 Be7 10. h3 0-0 11. exd4 exd4 12. b3 Bf5 13. Bb2 Bc5 14. a3 a5 15. b4 Qb6 16. b5 a4 17. Ra2 Na5 18. Bxd4 Nxc4 19. Nc3 Bxd4 20. Qxd4 Be6 21. Raa1 Qa5 22. Rfc1 Rfd8 23. Qh4 Nd6 24. Nd4 Bb3 25. Nce2 Qb6 26. Qg5 h6 27. Qc5 Qa5 28. b6 Bd5 29. Nf4 Bxg2 30. Kxg2 Nde4 31. Rc4 Rd6 32. Rb1 Nd2 0-1

[Event "Passau op 6th"]
[Site "Passau"]
[Date "1998.04.11"]
[Round "3"]
[White "Ritz, Thomas"]
[Black "Kuczynski, Robert"]
[Result "0-1"]
[WhiteElo "2115"]
[BlackElo "2485"]
[PlyCount "136"]
[EventDate "1998.04.10"]
[EventType "swiss"]
[EventRounds "7"]
[EventCountry "GER"]
[SourceTitle "EXT 1999"]
[Source "ChessBase"]
[SourceDate "1998.11.16"]
[SourceVersion "1"]
[SourceVersionDate "1998.11.16"]
[SourceQuality "1"]

1. Nf3 d5 2. g3 c6 3. Bg2 Bg4 4. 0-0 Nd7 5. d4 Ngf6 6. Nbd2 e6 7. b3 Bd6 8. Bb2 0-0 9. Ne5 Bf5 10. c4 Qe7 11. Re1 Rad8 12. Qc1 h6 13. Nxd7 Qxd7 14. e4 dxe4 15. Nxe4 Nxe4 16. Bxe4 Bxe4 17. Rxe4 Be7 18. Qc2 Bf6 19. Rd1 Qc7 20. Re2 Qa5 21. Bc3 Qh5 22. Qe4 Rd7 23. Red2 Rfd8 24. Kg2 Qf5 25. f3 g6 26. h3 Bg7 27. Qe3 Qg5 28. f4 Qf5 29. g4 Qf6 30. g5 Qf5 31. Kg3 Kh7 32. b4 b5 33. gxh6 Bxh6 34. cxb5 cxb5 35. Qe5 Rd5 36. Qxf5 Rxf5 37. Rf2 Bf8 38. a3 Bd6 39. Kg4 Kg8 40. h4 Kf8 41. Ra1 Bc7 42. Rf3 Bb6 43. Rd1 Rfd5 44. Rfd3 Ke7 45. Kf3 Kd6 46. Be1 Rc8 47. Bf2 Rh5 48. Re1 Rd5 49. Rg1 Bd8 50. Bg3 Kd7 51. Rh1 Bf6 52. Bf2 Rc2 53. Rhd1 Kd6 54. Bg3 Kc6 55. Bf2 Rh5 56. d5+ Rxd5 57. Bxa7 Rxd3+ 58. Rxd3 Rc3 59. Rxc3+ Bxc3 60. Ke4 Bb2 61. Bc5 Bxa3 62. h5 gxh5 63. f5 exf5+ 64. Kxf5 Kd5 65. Kf6 h4 66. Kxf7 h3 67. Bg1 Bxb4 68. Kf6 Bd6 0-1

[Event "Passau op 6th"]
[Site "Passau"]
[Date "1998.04.10"]
[Round "1"]
[White "Ritz, Thomas"]
[Black "Voeller, Lothar"]
[Result "1-0"]
[WhiteElo "2115"]
[BlackElo "1700"]
[PlyCount "97"]
[EventDate "1998.04.10"]
[EventType "swiss"]
[EventRounds "7"]
[EventCountry "GER"]
[SourceTitle "EXT 1999"]
[Source "ChessBase"]
[SourceDate "1998.11.16"]
[SourceVersion "1"]
[SourceVersionDate "1998.11.16"]
[SourceQuality "1"]

1. Nf3 d5 2. d4 Nf6 3. c4 dxc4 4. Nc3 e6 5. Bg5 c5 6. e3 a6 7. a4 Nc6 8. Bxc4 Nb4 9. 0-0 Be7 10. dxc5 Qxd1 11. Rfxd1 Bxc5 12. Ne5 Be7 13. a5 h6 14. Bh4 g5 15. Bg3 Nh5 16. Na4 Nxg3 17. hxg3 Rb8 18. Nb6 Bd8 19. Rxd8+ Kxd8 20. Nxf7+ Ke7 21. Nxh8 Kf6 22. Rd1 Nd5 23. Bxd5 exd5 24. Nxd5+ Kg7 25. Ne7 Bg4 26. f3 Bh5 27. g4 Be8 28. Rd6 Kxh8 29. Rxh6+ Kg7 30. Nf5+ Kg8 31. Rd6 Kf7 32. Kf2 Rc8 33. Rd2 Kf8 34. Nd6 Rd8 35. Ke2 Bc6 36. e4 Kg8 37. Ke3 Kh7 38. Nf5 Rb8 39. Rd6 Bb5 40. Nd4 Bf1 41. g3 Rc8 42. Rd7+ Kg6 43. Rxb7 Rc5 44. Rb6+ Kf7 45. b4 Rc3+ 46. Kf2 Bd3 47. e5 Ra3 48. e6+ Ke8 49. Nf5 1-0

[Event "Seefeld op 09th"]
[Site "Seefeld"]
[Date "1998.??.??"]
[Round "8"]
[White "Ritz, Thomas"]
[Black "Aufmwasser, Guenter"]
[Result "1-0"]
[WhiteElo "2135"]
[BlackElo "1775"]
[PlyCount "79"]
[EventDate "1998.09.12"]
[EventType "swiss"]
[EventRounds "9"]
[EventCountry "AUT"]
[SourceTitle "EXT 2000"]
[Source "ChessBase"]
[SourceDate "1999.11.16"]
[SourceVersion "1"]
[SourceVersionDate "1999.11.16"]
[SourceQuality "1"]

1. d4 Nf6 2. Nf3 g6 3. b4 Bg7 4. e3 d6 5. Bb2 0-0 6. Be2 b6 7. 0-0 Bb7 8. Nbd2 Nbd7 9. c4 c5 10. b5 Qe8 11. Qc2 Nh5 12. Rfd1 Rd8 13. a4 e5 14. dxe5 f5 15. exf6 Ndxf6 16. Bd3 Bh6 17. Re1 Ng4 18. Be4 d5 19. cxd5 Bxd5 20. Bxd5+ Rxd5 21. Qc4 Qf7 22. Qxg4 Rxd2 23. Nxd2 Qxf2+ 24. Kh1 Qxd2 25. Qe6+ Rf7 26. Rf1 Qd7 27. Qxf7+ Qxf7 28. Rxf7 Kxf7 29. Be5 Bxe3 30. Bb8 Nf6 31. Bxa7 Nd5 32. a5 c4 33. Bxb6 Nxb6 34. axb6 Bxb6 35. Rc1 Ke7 36. Rxc4 Bf2 37. g4 Kd7 38. Kg2 Bb6 39. Kf3 g5 40. Ke4 1-0